000 00598nas a2200217 i 4500
001 1406
003 ES-MaACL
005 20250802062544.0
007 t|
008 950801c1901 sp | | 1 ||pa d
245 0 0 _aMadrid
_b: revista literaria /
_c[dir. Manuel Bueno].
260 _aMadrid :
_bImp. T. Osácar,
_c1901-
300 _a1 v. :
_bgrab. ;
_c29 cm.
310 _aSemanal
362 0 _aAño I (may. 1901)-
650 1 7 _aLiteratura española
_2embne
_914539
700 1 _aBueno, Manuel,
_edir.
_932381
852 _aES-MaACL
_jHem-647
866 0 _o(1901).
999 _c1406
_d1406